00441nam a2200181 a 4500001001300000003000900013005001700022008004100039020001000080082001700090100002000107245002400127260003400151300000900185500003500194505001000229650002000239nice12345678IN_TiNIC20260116012237.0050524s1960 boma grp 000 0 eng  ac10000a335.454bOVE aOverstreet, G D aCommunism in India. aBombaybPerennial Pressc1960 a603p aincludes index and biblioraphy2 aIndex aCommunism-India